SQL Server 2000 web application developer's guide (0 07 212619 1)
Shranjeno v:
| Glavni avtor: | |
|---|---|
| Format: | Knjiga |
| Jezik: | Undetermined |
| Izdano: |
McGraw-Hill
2001
|
| Teme: | |
| Oznake: |
Označite
Brez oznak, prvi označite!
|
| Thư viện lưu trữ: | Trung tâm Học liệu Trường Đại học Cần Thơ |
|---|
| LEADER | 00513nam a2200157Ia 4500 | ||
|---|---|---|---|
| 001 | CTU_49434 | ||
| 008 | 210402s9999 xx 000 0 und d | ||
| 082 | |a 005.758 | ||
| 082 | |b U91 | ||
| 100 | |a CRAIG UTLEY | ||
| 245 | 0 | |a SQL Server 2000 web application developer's guide (0 07 212619 1) | |
| 245 | 0 | |c CRAIG UTLEY | |
| 260 | |b McGraw-Hill | ||
| 260 | |c 2001 | ||
| 650 | |a sql ( computer program language ),database administration,client/server computing | ||
| 980 | |a Trung tâm Học liệu Trường Đại học Cần Thơ | ||